ALL Nicki Minaj songs as of September 2025. - Statistics

General Stats
  • This quiz has been taken 128 times
    91 since last reset
  • The average score is 31 of 521
Answer Stats
Album Answer % Correct
The Pinkprint Anaconda
83%
Queen Bed
67%
Features Beauty and a Beat
50%
Pink Friday: Roman Reloaded Pound the Alarm
50%
Features Side to Side
50%
Pink Friday: Roman Reloaded Starships
50%
Pink Friday: Roman Reloaded Turn Me On
50%
Sucka Free Wanna Minaj (Freaky Girl)
50%
Pink Friday: Roman Reloaded Automatic
33%
Features Automatic (Teairra Marí)
33%
Features Bang Bang
33%
The Pinkprint Bed of Lies
33%
Features Bottoms Up
33%
Queen Chun Swae
33%
Pink Friday Fly
33%
The Pinkprint Grand Piano
33%
Features Hey Mama
33%
Features No Broken Hearts
33%
The Pinkprint Only
33%
The Pinkprint Pills n Potions
33%
Features Plain Jane (Remix)
33%
Pink Friday Super Bass
33%
Pink Friday 2 Super Freaky Girl
33%
UNRELEASED / SINGLES Super Freaky Girl (Queen Mix)
33%
UNRELEASED / SINGLES Super Freaky Girl (Roman Remix)
33%
Features The Light is Coming
33%
The Pinkprint The Night Is Still Young
33%
The Pinkprint Want Some More
33%
Pink Friday: Roman Reloaded Whip It
33%
Features Woman Like Me
33%
Features 1,2,3,4
17%
Features 5 Star (Remix)
17%
Features All Eyes On You
17%
The Pinkprint All Things Go
17%
Features Anybody
17%
Sucka Free Autobiography
17%
Features Back Together
17%
Sucka Free Baddest Bitch
17%
Features Ball for Me
17%
Pink Friday 2 Barbie Dangerous
17%
Queen Barbie Dreams
17%
Features Barbie World
17%
Beam Me Up Scotty Beam Me Up Scotty
17%
Pink Friday: Roman Reloaded Beautiful Sinner
17%
Pink Friday Bed Rock
17%
Pink Friday: Roman Reloaded Beez in the Trap
17%
Features Big Bank
17%
The Pinkprint Big Daddy
17%
Sucka Free Biggest Freak
17%
Features Bitch I'm Madonna
17%
Features Boo'd Up (Remix)
17%
Features BOYZ
17%
The Pinkprint Buy a Heart
17%
Queen Chun-Li
17%
Queen Coco Chanel
17%
Pink Friday: Roman Reloaded Come on a Cone
17%
Sucka Free Curious George
17%
Features Dance (A$$) [Remix]
17%
Pink Friday Dear Old Nicki
17%
Pink Friday Did It On 'Em
17%
Features Dip
17%
Pink Friday 2 Needle
17%
UNRELEASED / SINGLES No Frauds
17%
Sucka Free Whos Ya Best MC?
17%
Features Dope Dealer
17%
Features Endless Fashion
17%
Pink Friday 2 Everybody
17%
Features Expensive
17%
The Pinkprint Favorite
17%
The Pinkprint Feeling Myself
17%
Queen FEFE
17%
Sucka Free Firm Biz '08
17%
Features Flawless (Remix)
17%
The Pinkprint Four Door Aventador
17%
Features Freaks
17%
Queen Ganja Burn
17%
The Pinkprint Get On Your Knees
17%
Features Girl on Fire
17%
Features Give Me All Your Luvin
17%
Queen Good Form
17%
Features Hands Up
17%
Hood$tars Hands Up (2001)
17%
Sucka Free Hundred Million Dollaz
17%
Features I Ain't Thru
17%
Features I Can't Even Lie
17%
The Pinkprint I lied
17%
Features I'm Out
17%
Features I Wanna Be With You
17%
Features Kissing Strangers
17%
Features Letting Go (Dutty Love)
17%
Features Light My Body Up
17%
Sucka Free Lollipop (Remix)
17%
Features Love More
17%
Features MAMA
17%
Pink Friday: Roman Reloaded Masquerade
17%
UNRELEASED / SINGLES Megatron
17%
Pink Friday Moment 4 Life
17%
The Pinkprint Mona Lisa
17%
Features Money
17%
Features Monster
17%
Features MotorSport
17%
Features Nice to Meet Ya
17%
Pink Friday 2 Pink Birthday
17%
Sucka Free President Carter Speaks
17%
Features Princess Diana
17%
The Pinkprint Put You In a Room
17%
Features Raining Men
17%
Features Realize
17%
Pink Friday 2 Red Ruby Da Sleeze
17%
UNRELEASED / SINGLES Regret In Your Tears
17%
Pink Friday Right Thru Me
17%
Pink Friday: Roman Reloaded Roman Holiday
17%
Pink Friday: Roman Reloaded Roman Reloaded
17%
Features Run Up
17%
Pink Friday Save Me
17%
Features Say So (Remix)
17%
Sucka Free Set It Off
17%
The Pinkprint Shanghai
17%
Features She For Keeps
17%
Features Skrt on Me
17%
Features Somebody Else
17%
Pink Friday: Roman Reloaded Stupid Hoe
17%
Sucka Free Sucka Free '08
17%
Sucka Free Sunshine
17%
Playtime Is Over Sunshine '07
17%
Features Swalla
17%
Sucka Free Sweetest Girl
17%
Features Swish Swish
17%
Features Take It to the Head
17%
The Pinkprint The Crying Game
17%
Features Throw Sum Mo
17%
Features Touchin, Lovin
17%
The Pinkprint Trini Dem Girls
17%
Features True colors
17%
The Pinkprint Truffle Butter
17%
Pink Friday: Roman Reloaded Va Va Voom
17%
The Pinkprint Wamables
17%
UNRELEASED / SINGLES We Go Up
17%
Features Where Them Girls At
17%
The Pinkprint Win Again
17%
Sucka Free Womp Womp
17%
Features You Da Baddest
17%
Pink Friday: Roman Reloaded Young Forever
17%
Sucka Free Young Money Ballaz
17%
Pink Friday Your Love
17%
Features You The Boss
17%
Playtime Is Over 1-900-Ms-Minaj
0%
Features 2012
0%
Queen 2 Lit 2 Late Interlude
0%
Playtime Is Over 40 Bars
0%
Features A Failure
0%
Features Affirmative Action
0%
Features AGATS2 (Insecure)
0%
UNRELEASED / SINGLES Ain't Gone Do It
0%
Features All About The Benjamins
0%
Features All I Do Is Win (Remix)
0%
Features Alone
0%
Features Always Love You (2021)
0%
Features Angel
0%
Features Animales
0%
UNRELEASED / SINGLES Anxiety
0%
Features Arctic Tundra
0%
Hood$tars Are U Ready?
0%
Pink Friday 2 Are You Gone Already
0%
Features Bad for You
0%
Features Bad Like We
0%
Features Bad To You
0%
Pink Friday 2 Bahm Bahm
0%
Features Banned From NO (Remix)
0%
Features BAPS
0%
UNRELEASED / SINGLES Barbie Drip
0%
Queen Barbie Tingz
0%
Hood$tars Batman
0%
UNRELEASED / SINGLES Beef Stew
0%
Pink Friday 2 Beep Beep
0%
Pink Friday 2 Beep Beep (ft. 50 Cent)
0%
Beam Me Up Scotty Best I Ever Had (Remix)
0%
Features BET Cypher (2009)
0%
UNRELEASED / SINGLES Big Barbie
0%
Features Big Bidness
0%
Pink Friday 2 Big Difference
0%
UNRELEASED / SINGLES Big Foot
0%
Features Birds
0%
UNRELEASED / SINGLES Black Barbies
0%
Pink Friday Blazin
0%
Pink Friday 2 Blessings
0%
Features Blick blick
0%
Pink Friday Blow Ya Mind
0%
Features Bom Bidi Bom
0%
Features Born Stunna (Remix)
0%
Features Born to Be Wild
0%
Beam Me Up Scotty Boss Ass Bitch
0%
Features Bought The Bar
0%
Features Break Up (Remix)
0%
UNRELEASED / SINGLES Bring It Back
0%
Sucka Free Brraaattt
0%
UNRELEASED / SINGLES Bussin
0%
UNRELEASED / SINGLES Bust Down Barbiana
0%
Beam Me Up Scotty Can Anybody Hear Me
0%
Playtime Is Over Can't Stop Won't Stop
0%
UNRELEASED / SINGLES Cap Backwards
0%
Features Carry It (Remix)
0%
Pink Friday Catch Me
0%
Pink Friday: Roman Reloaded Champion
0%
UNRELEASED / SINGLES Changed It
0%
Pink Friday Check It Out
0%
Beam Me Up Scotty Chi-Raq
0%
Features Chocolate Legs (Remix)
0%
Features Clappers
0%
Playtime Is Over Click Clack
0%
Features Coca Coca (Mi Casa Su Casa)
0%
Queen Come See About Me
0%
Pink Friday 2 Cowgirl
0%
Beam Me Up Scotty Crocodile Teeth
0%
Sucka Free Cuchi Shop
0%
Features Cupid’s Got A Gun
0%
Features Dang a Lang
0%
Features Danny Glover (Remix)
0%
Features Dark Fantasy
0%
Features Dark Side of the Moon
0%
Features Datz Wuzup (That's What's Up
0%
Sucka Free Dead Wrong
0%
UNRELEASED / SINGLES Dem Boyz
0%
Features Diamonds on My Neck
0%
Playtime Is Over Dilly Dally
0%
Features 20 Dollars (Remix)
0%
Features 5 Star Chick
0%
Features Always Love You (2009)
0%
UNRELEASED / SINGLES Barbie Goin Bad
0%
Beam Me Up Scotty Envy
0%
UNRELEASED / SINGLES Ice Cream Man
0%
Beam Me Up Scotty I Feel Free
0%
UNRELEASED / SINGLES If It's Okay
0%
UNRELEASED / SINGLES I'm Back
0%
Pink Friday 2 Let Me Calm Down
0%
UNRELEASED / SINGLES London Bridge Freestyle
0%
UNRELEASED / SINGLES Love Me
0%
UNRELEASED / SINGLES Monse
0%
Features Doin It
0%
Sucka Free Doin It Well
0%
Features Don’t Hurt Me
0%
Hood$tars Don't Mess With
0%
Features Dopeman
0%
UNRELEASED / SINGLES Do We Have a Problem?
0%
Features Down In the DM (Remix)
0%
Features Do You Like It Like That?
0%
Features Do You Mind
0%
Playtime Is Over Dreams '07
0%
Features Dumb Blonde
0%
Playtime Is Over Ease Up
0%
Beam Me Up Scotty Easy
0%
Playtime Is Over Encore '07
0%
Features Entertainment 2.0
0%
Features Eskimo (Remix)
0%
Features Everywhere We Go
0%
Features Extravagant
0%
Pink Friday 2 Fallin 4 U
0%
Features Familia
0%
Features Feel Inside (Remix)
0%
Features Fendi
0%
Features Finale
0%
Features Fireball
0%
Pink Friday: Roman Reloaded Fire Burns
0%
Beam Me Up Scotty Five-O
0%
UNRELEASED / SINGLES FOR ALL THE BARBZ
0%
Features For the Love of New York
0%
Features For the Money
0%
Pink Friday 2 Forward From Trini
0%
Beam Me Up Scotty Fractions
0%
Pink Friday: Roman Reloaded - The Re-Up Freedom
0%
Playtime Is Over Freestyle
0%
UNRELEASED / SINGLES Friendship Song
0%
Features Froze
0%
Pink Friday 2 FTCU
0%
UNRELEASED / SINGLES FTCU (SLEEZEMIX)
0%
Features Fuck Da Bullshit
0%
Features Fuck U Silly
0%
Features Get ‘Em Girls (Remix)
0%
Features Get It All
0%
Features Get Like Me
0%
Features Get Low
0%
Features Get Low 4 Me (Remix)
0%
UNRELEASED / SINGLES Gettin’ Paid
0%
Features Get wit It
0%
Features Get Your Money Up (Remix)
0%
Features Gimme Money
0%
UNRELEASED / SINGLES Girlfriend
0%
Pink Friday Girls Fall Like Dominoes
0%
Features Girls Kissing Girls
0%
Features Give It All to Me
0%
Features Goodbye
0%
UNRELEASED / SINGLES Good Luck
0%
Hood$tars Goody Gyal
0%
Beam Me Up Scotty Gotta Go Hard
0%
Sucka Free Grindin
0%
Features Grindin' Making Money
0%
Pink Friday: Roman Reloaded Gun Shot
0%
Beam Me Up Scotty Handstand
0%
Queen Hard White
0%
Features Haterade
0%
Features Hello Good Morning (Remix)
0%
Pink Friday: Roman Reloaded - The Re-Up Hell Yeah
0%
UNRELEASED / SINGLES Here and There
0%
Pink Friday Here I Am
0%
Sucka Free Higher Than a Kite
0%
Pink Friday: Roman Reloaded - The Re-Up High School
0%
Features Hold Yuh (Remix
0%
Features Holy Ground
0%
Playtime Is Over Hood Story
0%
Features Hot Girl Summer
0%
Pink Friday: Roman Reloaded HOV Lane
0%
Features I Admit
0%
Pink Friday: Roman Reloaded I Am Your Leader
0%
Features I B On Dat
0%
Features I Bought That
0%
Features IDOL (Remix)
0%
Features I Don't Give A
0%
Pink Friday: Roman Reloaded - The Re-Up I Endorse These Strippers
0%
Beam Me Up Scotty I Get Crazy
0%
Features I Get Money (Remix)
0%
UNRELEASED / SINGLES I Got Next
0%
Features I Just Borrow
0%
UNRELEASED / SINGLES I Love My Range Rover
0%
Features I Love You
0%
Features I Luv Dem Strippers
0%
Playtime Is Over I'm cumin
0%
Features I'm Getting Ready
0%
Features I Might
0%
Pink Friday: Roman Reloaded - The Re-Up I'm Legit
0%
Pink Friday I'm The Best
0%
Features In My Head (Remix)
0%
Queen Inspirations (Outro)
0%
Playtime Is Over Interlude
0%
Beam Me Up Scotty Intro
0%
Features IPHONE
0%
Features I Think She Likes Me
0%
Hood$tars It's My Party
0%
Beam Me Up Scotty Itty Bitty Piggy
0%
Playtime Is Over Jump Off '07
0%
Pink Friday 2 Just the Memories
0%
Beam Me Up Scotty Keys Under Palm Trees
0%
Beam Me Up Scotty Kill Da DJ
0%
Features Kiss My Ass
0%
Features Knockout
0%
Features Krippy Kush (Remix)
0%
Hood$tars La-Dee-Da-Dee
0%
Hood$tars La La means I love you
0%
Pink Friday Last Chance
0%
Pink Friday 2 Last Time I Saw You
0%
Features Lay It Down
0%
Playtime Is Over Letcha Go
0%
UNRELEASED / SINGLES Letter to Lil’ Wayne
0%
Features Like a Star
0%
UNRELEASED / SINGLES Likkle Miss
0%
UNRELEASED / SINGLES Likkle Miss (THE FINE NINE REMIX)
0%
Features Little Freak
0%
Features Livin' It Up
0%
Queen LLC
0%
Features Lollipop Luxury
0%
Sucka Free Long Time Comin
0%
UNRELEASED / SINGLES Lookin Ass
0%
Features Lookin' at Me
0%
Features Love In the Way
0%
Pink Friday 2 Love Me Enough
0%
Features Low
0%
Queen Majesty
0%
UNRELEASED / SINGLES Make A Baby
0%
Features Make It Last Forever (Remix)
0%
Features Make Love
0%
Features Make Me Feel
0%
Features Make Me Proud
0%
UNRELEASED / SINGLES Mamita
0%
Pink Friday: Roman Reloaded Marilyn Monroe
0%
UNRELEASED / SINGLES Massive Attack
0%
Features Mean Walk
0%
Features Mercy
0%
Queen Miami
0%
Features MILF
0%
Features Million Dollar Baby
0%
Features Minaj Et Trois
0%
Beam Me Up Scotty Mind On My Money
0%
Features Miss Independent (Remix)
0%
Features Money Ain’t A Thing
0%
Features Move Ya Hips
0%
Pink Friday Muny
0%
UNRELEASED / SINGLES Murda Murda
0%
Features Muthafucka Up
0%
Features My Chick Bad
0%
Pink Friday 2 My Life
0%
Features My Nigga (Remix)
0%
Features New Body
0%
Features New York Minute (Remix)
0%
Features Next Round
0%
Pink Friday 2 Nicki Hendrix
0%
Beam Me Up Scotty Nicki Minaj Speaks #1
0%
Beam Me Up Scotty Nicki Minaj Speaks #2
0%
Beam Me Up Scotty Nicki Minaj Speaks #3
0%
Hood$tars Nigga Please
0%
Playtime Is Over N.I.G.G.A.S
0%
Queen Nip Tuck
0%
Features Nobody
0%
Features No Candle No Light
0%
Features No Flag
0%
Features No Flex Zone (Remix)
0%
Features No Love (Remix)
0%
Features Not at All
0%
Features Not Sorry
0%
Features Oh My Gawd
0%
Features Old Enough (Remix)
0%
Features One Night Only
0%
Features Out of My Mind
0%
Beam Me Up Scotty Outro
0%
Features Pamper Me
0%
Pink Friday 2 Pink Friday Girls
0%
Playtime Is Over Playtime Is Over
0%
Features Poke It Out
0%
Features Ponytail
0%
Features Pound Town 2
0%
Pink Friday: Roman Reloaded Press Conference
0%
Pink Friday 2 Press Play
0%
UNRELEASED / SINGLES Put It On Ya
0%
Features Rake It Up
0%
UNRELEASED / SINGLES Real Pimpin
0%
Queen Regular Degular
0%
UNRELEASED / SINGLES Remember Me
0%
Features Rich Friday
0%
Queen Rich Sex
0%
Pink Friday: Roman Reloaded Right by My Side
0%
Pink Friday 2 RNB
0%
Features Rock Star
0%
Features Roger That
0%
UNRELEASED / SINGLES Roman In Moscow
0%
Pink Friday Roman's Revenge
0%
Pink Friday Roman's Revenge (ft. Lil Wayne)
0%
Queen Run & Hide
0%
Features Runnin
0%
UNRELEASED / SINGLES Saxon
0%
Beam Me Up Scotty Seeing Green
0%
Features Senile
0%
Features Sex in Crazy Places
0%
Pink Friday: Roman Reloaded Sex in the Lounge
0%
Features Shake the Place
0%
Features Shakin' It 4 Daddy
0%
Features She Came to Give It to You
0%
Features She Make It Clap (Remix)
0%
Features Shooters (Remix)
0%
Beam Me Up Scotty Shopaholic
0%
Beam Me Up Scotty Silly
0%
Features Single Ladies (Remix)
0%
Queen Sir
0%
Features Slide Around
0%
Beam Me Up Scotty Slumber Party
0%
Features So Bad
0%
UNRELEASED / SINGLES Sorry
0%
UNRELEASED / SINGLES So Special
0%
Playtime Is Over Sticks In My Bun
0%
Features Stilettos and T-Shirt (Remix)
0%
Beam Me Up Scotty Still I Rise
0%
Features Streets Is Watchin'
0%
Features Strippin' in the Club
0%
Features Sugar (Remix)
0%
Features Suge (Remix)
0%
Features SupaHot
0%
Features Sweet Dreams (Remix)
0%
Features Take It Off
0%
Features Take That (2009)
0%
Hood$tars Take That (Lean Back)
0%
UNRELEASED / SINGLES Tambourine
0%
Features Tapout
0%
Features T.E.M.P.O.
0%
Features Tempo
0%
Features Teqkilla
0%
Pink Friday: Roman Reloaded - The Re-Up The Boys
0%
Features The Creep
0%
Features The Hills (Remix)
0%
UNRELEASED / SINGLES The Pinkprint Freestyle
0%
Features The Way Life Goes (Remix)
0%
Features Thinking
0%
Features Thinking to Myself
0%
Queen Thought I Knew You
0%
Hood$tars Throw Your Hands Up In The Air (Hot 97 Freestyle)
0%
Features Till the World Ends (The Femme Fatale Remix)
0%
Features Tonight I'm Getting Over You (Remix)
0%
UNRELEASED / SINGLES Top Of The World
0%
Features Touch Down (Remix)
0%
Features | UNRELEASED / SINGLES Tragedy
0%
Features Transformer
0%
Features Trollz
0%
Features Tukoh Taka
0%
Features Tusa
0%
Features Twerk It
0%
Features Ucci Ucci
0%
Features Up All Night
0%
Pink Friday: Roman Reloaded - The Re-Up Up In Flames
0%
Features Up Out My Face (Remix)
0%
Features Wanna Balla
0%
Playtime Is Over Warning
0%
Features Watch What You Say
0%
Pink Friday Wave Ya Hand
0%
Features Welcome To The Party (Remix)
0%
UNRELEASED / SINGLES We Miss You
0%
Features What's Wrong With Them?
0%
Features What That Speed bout?!
0%
Features Where's Wayne
0%
Features Whole Lotta Choppas (Remix)
0%
Features WHOLE LOTTA MONEY (Remix)
0%
Hood$tars Who Run This Motherfucker?
0%
Features Wobble Up
0%
Features Woohoo
0%
Features WTF
0%
Playtime Is Over Wuchoo Know
0%
Features Xcellent
0%
UNRELEASED / SINGLES Yasss Bish
0%
UNRELEASED / SINGLES Yikes
0%
Features YM Salute
0%
Features You Already Know
0%
Hood$tars You Me Him Her
0%
Features Y.U. MAD
0%
Features Zanies And Fools
0%
UNRELEASED / SINGLES Zonin
0%
No matching quizzes found
Score Distribution
Percent of People with Each Score
Percentile by Number Answered
Your Score History
You have not taken this quiz since the last reset